000 nam a22 4500
999 _c8977
_d8977
008 180322b ||||| |||| 00| 0 eng d
100 _927040
_aRemo, Amy R.
245 _aMany barriers continue to hamper trade with US/
_cAmy R. Remo
260 _aPhilippines
_bPhilippine Daily Inquirer
_cc2016
300 _apage B4.
650 0 _927041
_aExports.
942 _2ddc
_cPER